Fundamentálne informácie dostupné pre investorov

Investori a získavanie fundamentálnych informácií. Verejne dostupné informácie. Získavanie informácií o amerických spoločnostiach. Povinnosti amerických spoločností zverejňovať údaje.

Gespeichert in:
Bibliographische Detailangaben
1. Verfasser: Kmeťko, Miroslav, 1969-
Weitere Verfasser: Škriniar, Pavel, 1979-
Format: Buchkapitel
Sprache:Slowakisch
Schlagworte:
Tags: Tag hinzufügen
Keine Tags, Fügen Sie das erste Tag hinzu!

MARC

LEADER 00000naa$a2200000$$$4500
001 0181155
005 20240502073114.4
041 0 |a slo 
044 |a SK 
245 1 0 |a Fundamentálne informácie dostupné pre investorov  |c Miroslav Kmeťko, Pavel Škriniar 
520 |a Investori a získavanie fundamentálnych informácií. Verejne dostupné informácie. Získavanie informácií o amerických spoločnostiach. Povinnosti amerických spoločností zverejňovať údaje. 
610 2 0 |a informácie 
610 2 0 |a firmy 
610 2 0 |a spoločnosti 
610 2 0 |a internet 
610 2 0 |a investori 
610 2 0 |a USA 
100 1 |a Kmeťko, Miroslav, 1969- 
700 1 |a Škriniar, Pavel, 1979-